[Event "BL 9091 Solingen-Heidelberg"]
[Site "?"]
[Date "1991.??.??"]
[Round "?.5"]
[White "Grathwohl, R."]
[Black "Reeh, O."]
[Result "0-1"]
[WhiteElo "2320"]
[BlackElo "2470"]
[PlyCount "94"]
[EventDate "1991.??.??"]

1. c4 c5 2. Nc3 g6 3. g3 Bg7 4. Bg2 Nc6 5. d3 b6 6. h4 h5 7. Nh3 Bb7 8. Bd2 Nf6
9. a3 Qc8 10. Rc1 Nd4 11. Bxb7 Qxb7 12. O-O O-O 13. b4 d5 14. Nxd5 Nxd5 15.
cxd5 cxb4 16. e3 Nb5 17. axb4 Qxd5 18. Nf4 Qd6 19. Qb3 Rfd8 20. Qc4 e5 21. Qxb5
exf4 22. exf4 Qxd3 23. Qxd3 Rxd3 24. Be3 a5 25. Bxb6 axb4 26. Bc7 b3 27. Kg2 b2
28. Rb1 Rc8 29. Be5 Rc2 30. Bb8 Bd4 31. Be5 f5 32. Bxd4 Rxd4 33. Rfe1 Rdd2 34.
Rf1 Re2 35. Kf3 Kf7 36. Rbd1 Red2 37. Rxd2 Rxd2 38. Ke3 Rc2 39. Rb1 Ke6 40. f3
Kd5 41. g4 fxg4 42. fxg4 hxg4 43. f5 gxf5 44. Kf4 Ke6 45. h5 Kf6 46. h6 Rc3 47.
Rf1 b1=Q 0-1

[Event "BL 9091 Solingen-Heidelberg"]
[Site "?"]
[Date "1991.??.??"]
[Round "?.6"]
[White "Dueball, J."]
[Black "Neunhoeffer, H."]
[Result "1/2-1/2"]
[WhiteElo "2445"]
[BlackElo "2285"]
[PlyCount "25"]
[EventDate "1991.??.??"]

1. c4 e6 2. Nf3 d5 3. g3 dxc4 4. Qa4+ Bd7 5. Qxc4 Bc6 6. Bg2 Nf6 7. O-O Nbd7 8.
Qc2 e5 9. Nc3 Bc5 10. Na4 Bd6 11. d4 Be4 12. Qd1 exd4 13. Nxd4 1/2-1/2

[Event "BL 9091 Solingen-Heidelberg"]
[Site "?"]
[Date "1991.??.??"]
[Round "?.7"]
[White "Zuse, P."]
[Black "Zysk, R."]
[Result "1-0"]
[WhiteElo "2230"]
[BlackElo "2415"]
[PlyCount "67"]
[EventDate "1991.??.??"]

1. e4 e6 2. d4 d5 3. Nc3 Bb4 4. e5 c5 5. a3 Bxc3+ 6. bxc3 Ne7 7. Qg4 O-O 8. Bd3
f5 9. exf6 Rxf6 10. Bg5 Rf7 11. Nf3 e5 12. Bxh7+ Kxh7 13. Qh4+ Kg8 14. Nxe5
Nbc6 15. Qh8+ Kxh8 16. Nxf7+ Kh7 17. Nxd8 Bf5 18. Bxe7 Nxe7 19. Nxb7 cxd4 20.
cxd4 Bxc2 21. Kd2 Bg6 22. Nc5 Rc8 23. Rhe1 Nf5 24. Ne6 Nd6 25. Rac1 Nc4+ 26.
Ke2 Rb8 27. Kf1 Bf5 28. Nf4 Nxa3 29. Nxd5 Rd8 30. Re5 Bd3+ 31. Kg1 Nc4 32. Rg5
Kh6 33. h4 a5 34. Nf4 1-0

[Event "BL 9091 Dortmund-Frankfurt"]
[Site "?"]
[Date "1991.??.??"]
[Round "?.1"]
[White "Khalifman, A."]
[Black "Razuvaev, Y."]
[Result "1/2-1/2"]
[WhiteElo "2640"]
[BlackElo "2585"]
[PlyCount "39"]
[EventDate "1991.??.??"]

1. e4 e5 2. Nf3 Nc6 3. Bb5 a6 4. Ba4 Nf6 5. O-O Be7 6. Re1 b5 7. Bb3 d6 8. c3
O-O 9. h3 Nd7 10. d4 Bf6 11. a4 Bb7 12. Be3 Na5 13. Bc2 Nc4 14. Bc1 d5 15. axb5
axb5 16. Rxa8 Bxa8 17. exd5 Bxd5 18. b3 Bxf3 19. Qxf3 Nd6 20. dxe5 1/2-1/2

[Event "BL 9091 Dortmund-Frankfurt"]
[Site "?"]
[Date "1991.??.??"]
[Round "?.2"]
[White "Smagin, S."]
[Black "Lobron, E."]
[Result "0-1"]
[WhiteElo "2550"]
[BlackElo "2545"]
[PlyCount "102"]
[EventDate "1991.??.??"]

1. e4 c6 2. c4 e5 3. Nf3 d6 4. d4 Nd7 5. Nc3 Ngf6 6. Be2 Be7 7. O-O a6 8. Re1
O-O 9. Bf1 b5 10. a3 Re8 11. h3 Bb7 12. d5 Qb8 13. dxc6 Bxc6 14. b4 h6 15. Nh4
Bf8 16. Nf5 Re6 17. Bd3 Qb7 18. Bd2 Nb6 19. cxb5 axb5 20. Qe2 Na4 21. Nxb5 d5
22. exd5 Nxd5 23. Bc4 Bxb5 24. Bxb5 Ndc3 25. Qg4 Rg6 26. Qxg6 fxg6 27. Bc4+ Kh7
28. Ng3 Rd8 29. Bxc3 Nxc3 30. Rac1 Nd5 31. Rxe5 Nf4 32. Re4 Nh5 33. Re3 Nxg3
34. Rxg3 Bd6 35. Rf3 Rf8 36. Rxf8 Bxf8 37. Bf1 h5 38. Rc3 Bd6 39. Rd3 Qb6 40.
g3 Be5 41. h4 Kh6 42. Kg2 Bd4 43. f3 g5 44. hxg5+ Kxg5 45. Rd2 h4 46. f4+ Kh6
47. gxh4 Qg6+ 48. Kf3 Qg1 49. Rd1 Kh5 50. Ke4 Qe3+ 51. Kd5 Qb3+ 0-1

[Event "BL 9091 Dortmund-Frankfurt"]
[Site "?"]
[Date "1991.??.??"]
[Round "?.3"]
[White "Gutman, L."]
[Black "Mainka, R."]
[Result "1/2-1/2"]
[WhiteElo "2445"]
[BlackElo "2430"]
[PlyCount "64"]
[EventDate "1991.??.??"]

1. d4 Nf6 2. Nf3 g6 3. g3 Bg7 4. Bg2 O-O 5. O-O d6 6. b3 a5 7. c4 c6 8. Nc3 Na6
9. h3 Rb8 10. e4 e5 11. Be3 Qe7 12. Re1 b5 13. c5 dxc5 14. dxe5 Nd7 15. Rc1
Nxe5 16. Nxe5 Bxe5 17. f4 Rd8 18. Qe2 Bd4 19. e5 Nb4 20. Ne4 Bxe3+ 21. Qxe3 Nd3
22. Nf6+ Kg7 23. g4 Nxe1 24. Rxe1 c4 25. f5 Rd3 26. Qg5 Qb4 27. Re2 Bb7 28. Kh2
Rbd8 29. Nh5+ Kg8 30. Nf6+ Kg7 31. Nh5+ Kg8 32. Nf6+ Kg7 1/2-1/2

[Event "BL 9091 Dortmund-Frankfurt"]
[Site "?"]
[Date "1991.??.??"]
[Round "?.4"]
[White "Paehtz, T."]
[Black "Tischbierek, R."]
[Result "1/2-1/2"]
[WhiteElo "2455"]
[BlackElo "2500"]
[PlyCount "33"]
[EventDate "1991.??.??"]

1. d4 Nf6 2. c4 e6 3. Nc3 Bb4 4. e3 O-O 5. Nge2 Re8 6. a3 Bf8 7. b3 d5 8. Bb2
c5 9. dxc5 Bxc5 10. b4 Bf8 11. cxd5 exd5 12. Nd4 Nc6 13. Nxc6 bxc6 14. Be2 Rb8
15. O-O c5 16. Bf3 Be6 17. Ne2 1/2-1/2

[Event "BL 9091 Dortmund-Frankfurt"]
[Site "?"]
[Date "1991.??.??"]
[Round "?.5"]
[White "Werner, D."]
[Black "Keitlinghaus, L."]
[Result "0-1"]
[WhiteElo "2395"]
[BlackElo "2400"]
[PlyCount "74"]
[EventDate "1991.??.??"]

1. d4 e6 2. c4 Bb4+ 3. Nc3 Bxc3+ 4. bxc3 f5 5. Nh3 Nf6 6. f3 d6 7. Nf2 e5 8. e4
fxe4 9. fxe4 c5 10. d5 O-O 11. Be2 Nbd7 12. a4 a5 13. g4 Ne8 14. g5 Nb6 15. h4
Nc7 16. Qb3 Ra6 17. Be3 Qe8 18. Rg1 Bd7 19. Bd1 Bxa4 20. Rxa4 Qxa4 21. Qxa4
Nxa4 22. Bxa4 Rb6 23. Kd2 Rb2+ 24. Bc2 Rf3 25. Nd1 Ra2 26. Kc1 Ra1+ 27. Bb1 Ra4
28. Kb2 Rxc4 29. Kb3 b5 30. Bd2 Rd4 31. Rg2 b4 32. Kb2 bxc3+ 33. Nxc3 a4 34.
Kc2 a3 35. Bc1 Rc4 36. Bd2 Nb5 37. Ba2 Nd4+ 0-1

[Event "BL 9091 Dortmund-Frankfurt"]
[Site "?"]
[Date "1991.??.??"]
[Round "?.6"]
[White "Thesing, M."]
[Black "Kohlweyer, B."]
[Result "1/2-1/2"]
[WhiteElo "2405"]
[BlackElo "2365"]
[PlyCount "31"]
[EventDate "1991.??.??"]

1. e4 c5 2. Nc3 e6 3. f4 a6 4. Nf3 d6 5. g3 Nc6 6. Bg2 Nf6 7. O-O Be7 8. d3 Qc7
9. Kh1 b5 10. a3 Bb7 11. Be3 O-O 12. Bg1 Rae8 13. Qe2 Nd7 14. Rae1 Bf6 15. Qd2
Nd4 16. Nd1 1/2-1/2

[Event "BL 9091 Dortmund-Frankfurt"]
[Site "?"]
[Date "1991.??.??"]
[Round "?.8"]
[White "Buecker, S."]
[Black "Degenhardt, H."]
[Result "1/2-1/2"]
[WhiteElo "2345"]
[BlackElo "2325"]
[PlyCount "48"]
[EventDate "1991.??.??"]

1. f4 g6 2. Nf3 Bg7 3. d3 c5 4. g3 Nc6 5. Bg2 d6 6. O-O e6 7. e4 Nge7 8. Nc3
O-O 9. Be3 Nd4 10. Qd2 b6 11. Bxd4 cxd4 12. Nb5 e5 13. Qb4 a6 14. Nxd6 Nc6 15.
Qa3 exf4 16. gxf4 Bh6 17. Ng5 Bxg5 18. fxg5 Qxg5 19. Nxf7 Qe3+ 20. Kh1 Be6 21.
Rae1 Qd2 22. Rd1 Qe3 23. Rde1 Qd2 24. Rd1 Qe3 1/2-1/2

[Event "BL 9091 Sindelfingen-Bayern"]
[Site "?"]
[Date "1991.??.??"]
[Round "?.3"]
[White "Kindermann, S."]
[Black "Marinkovic, I."]
[Result "1/2-1/2"]
[WhiteElo "2515"]
[BlackElo "2455"]
[PlyCount "42"]
[EventDate "1991.??.??"]

1. e4 Nf6 2. e5 Nd5 3. d4 d6 4. Nf3 dxe5 5. Nxe5 g6 6. Bc4 c6 7. O-O Bg7 8. Nd2
Nd7 9. Ndf3 Nxe5 10. Nxe5 O-O 11. Re1 Be6 12. Bb3 Qc7 13. Qe2 Rad8 14. h3 Qb6
15. Rd1 Nc7 16. Nf3 Bxb3 17. axb3 Ne6 18. Be3 Nxd4 19. Nxd4 Bxd4 20. Bxd4 Rxd4
21. Qxe7 Rfd8 1/2-1/2

[Event "BL 9091 Sindelfingen-Bayern"]
[Site "?"]
[Date "1991.??.??"]
[Round "?.4"]
[White "Kraut, R."]
[Black "Bischoff, K."]
[Result "1/2-1/2"]
[WhiteElo "2425"]
[BlackElo "2495"]
[PlyCount "40"]
[EventDate "1991.??.??"]

1. e4 c5 2. Nf3 e6 3. Nc3 a6 4. g3 Nc6 5. d4 cxd4 6. Nxd4 Nge7 7. Bg2 Nxd4 8.
Qxd4 Nc6 9. Qe3 Be7 10. O-O O-O 11. b3 b5 12. Bb2 Bb7 13. Rfd1 Rc8 14. Rd2 f6
15. Nd5 exd5 16. exd5 Na5 17. d6 Bxd6 18. Rxd6 Rxc2 19. Qd3 Rxb2 20. Bxb7 Nxb7
1/2-1/2

[Event "BL 9091 Sindelfingen-Bayern"]
[Site "?"]
[Date "1991.??.??"]
[Round "?.5"]
[White "Hertneck, G."]
[Black "Luther, T."]
[Result "1/2-1/2"]
[WhiteElo "2535"]
[BlackElo "2470"]
[PlyCount "30"]
[EventDate "1991.??.??"]

1. Nf3 Nf6 2. c4 e6 3. g3 d5 4. b3 a5 5. Bb2 a4 6. Bg2 Be7 7. bxa4 O-O 8. O-O
Nbd7 9. Qc2 Nb6 10. c5 Nxa4 11. d4 b6 12. c6 Nxb2 13. Qxb2 Ne4 14. a4 Qd6 15.
Nc3 Nxc3 1/2-1/2

[Event "BL 9091 Sindelfingen-Bayern"]
[Site "?"]
[Date "1991.??.??"]
[Round "?.6"]
[White "Bialas, W."]
[Black "Hickl, J."]
[Result "0-1"]
[WhiteElo "2360"]
[BlackElo "2480"]
[PlyCount "88"]
[EventDate "1991.??.??"]

1. Nf3 d6 2. d4 Nf6 3. c4 Nbd7 4. Nc3 c6 5. e4 e5 6. Be2 Be7 7. O-O O-O 8. Qc2
a6 9. b4 Re8 10. Rb1 Qc7 11. Rd1 b5 12. h3 exd4 13. Nxd4 Nb6 14. Qb3 Nfd7 15.
Bf4 Ne5 16. cxb5 cxb5 17. Rbc1 Qb7 18. Nd5 Nxd5 19. exd5 Bd7 20. Bxe5 dxe5 21.
Nc6 Bd6 22. Rc3 e4 23. a3 Qb6 24. Rdc1 Bf4 25. Rd1 Bd6 26. Bf1 g6 27. Qc2 e3
28. Nd4 Bf4 29. g3 Be5 30. fxe3 Bxg3 31. Qg2 Be5 32. Rc5 Bd6 33. Rc3 Re5 34.
Re1 Rae8 35. Rd3 Bc7 36. Qf3 Qd6 37. Bg2 Rh5 38. e4 Rg5 39. Ne2 Qh2+ 40. Kf1
Be5 41. Ng1 f5 42. Rd2 fxe4 43. Qxe4 Rf8+ 44. Nf3 Bxh3 0-1

[Event "BL 9091 Sindelfingen-Bayern"]
[Site "?"]
[Date "1991.??.??"]
[Round "?.7"]
[White "Schlosser, P."]
[Black "Werner, Marc"]
[Result "1-0"]
[WhiteElo "2465"]
[BlackElo "2320"]
[PlyCount "41"]
[EventDate "1991.??.??"]

1. c4 Nf6 2. d4 g6 3. Nc3 Bg7 4. e4 O-O 5. Be3 d6 6. f3 e5 7. Nge2 c6 8. Qd2 a6
9. dxe5 dxe5 10. Qxd8 Rxd8 11. Na4 Nbd7 12. O-O-O b5 13. Nb6 Rb8 14. g4 Ne8 15.
Bh3 Kf8 16. Rd2 Ke7 17. Rhd1 Nc7 18. g5 Ne6 19. Bxe6 Kxe6 20. Bc5 Nxc5 21. Rxd8
1-0

[Event "BL 9091 Sindelfingen-Bayern"]
[Site "?"]
[Date "1991.??.??"]
[Round "?.8"]
[White "Eppinger, G."]
[Black "Stangl, M."]
[Result "0-1"]
[WhiteElo "2275"]
[BlackElo "2480"]
[PlyCount "48"]
[EventDate "1991.??.??"]

1. e4 g6 2. d4 Bg7 3. Nf3 c6 4. Nc3 d5 5. h3 Nf6 6. e5 Ne4 7. Bd3 Nxc3 8. bxc3
c5 9. dxc5 O-O 10. Qe2 Nd7 11. c4 dxc4 12. Bxc4 Qa5+ 13. Bd2 Qxc5 14. Be3 Qa5+
15. Bd2 Qc7 16. O-O Nxe5 17. Nxe5 Bxe5 18. Rab1 Bf6 19. Bd5 Rd8 20. Rb5 Rxd5
21. Rxd5 Be6 22. Rb5 Bc4 23. Rxb7 Qc6 24. Qf3 Bd5 0-1

[Event "BL 9091 Kirchheim-München 36"]
[Site "?"]
[Date "1991.??.??"]
[Round "?.2"]
[White "Gschnitzer, O."]
[Black "Stohl, I."]
[Result "1/2-1/2"]
[WhiteElo "2460"]
[BlackElo "2550"]
[PlyCount "42"]
[EventDate "1991.??.??"]

1. Nf3 g6 2. c4 Bg7 3. Nc3 c5 4. d4 cxd4 5. Nxd4 Nc6 6. Nc2 d6 7. g3 Be6 8. Ne3
Rc8 9. Bd2 Qd7 10. h3 Nf6 11. Bg2 Nd4 12. Ncd5 Nf5 13. Rc1 Nxe3 14. Bxe3 O-O
15. Bxa7 Bxd5 16. cxd5 Rxc1 17. Qxc1 Qa4 18. Be3 Qxa2 19. Qd2 Qa1+ 20. Qc1 Qa5+
21. Qd2 Qa1+ 1/2-1/2

[Event "BL 9091 Kirchheim-München 36"]
[Site "?"]
[Date "1991.??.??"]
[Round "?.3"]
[White "Espig, L."]
[Black "Graf, J."]
[Result "1/2-1/2"]
[WhiteElo "2440"]
[BlackElo "2430"]
[PlyCount "76"]
[EventDate "1991.??.??"]

1. d4 c5 2. d5 d6 3. e4 Nf6 4. Nc3 g6 5. Nf3 Bg7 6. Be2 Na6 7. O-O Nc7 8. a4 a6
9. Nd2 Bd7 10. f4 O-O 11. Bf3 e6 12. Nc4 exd5 13. exd5 Nfe8 14. Ne4 Nxd5 15.
Qxd5 Bc6 16. Qd3 d5 17. Nxc5 dxc4 18. Qxd8 Rxd8 19. Nxb7 Rc8 20. Be3 Bxf3 21.
Rxf3 f5 22. Rb1 Rf7 23. Na5 Rd7 24. b3 cxb3 25. cxb3 Rc2 26. Rf2 Rc3 27. Rd2
Rxd2 28. Bxd2 Rd3 29. Be1 Nd6 30. Kf1 Ne4 31. Rc1 Nc3 32. Bxc3 Bxc3 33. Nc6 Bb2
34. Rb1 Rxb3 35. Ne5 Rb8 36. Nd7 Rb4 37. Nf6+ Kg7 38. Nd5 Rd4 1/2-1/2

[Event "BL 9091 Kirchheim-München 36"]
[Site "?"]
[Date "1991.??.??"]
[Round "?.4"]
[White "Clara, H."]
[Black "Gruenberg, HU."]
[Result "0-1"]
[WhiteElo "2430"]
[BlackElo "2485"]
[PlyCount "104"]
[EventDate "1991.??.??"]

1. d4 Nf6 2. c4 g6 3. Nc3 Bg7 4. e4 d6 5. Be2 O-O 6. Nf3 e5 7. Be3 Nbd7 8. O-O
c6 9. d5 c5 10. Ne1 Ne8 11. Nd3 Kh8 12. f4 exf4 13. Bxf4 Qe7 14. Qd2 a6 15. Bg5
f6 16. Bf4 Ne5 17. Nxe5 fxe5 18. Bg5 Rxf1+ 19. Rxf1 Bf6 20. Bh6 Bd7 21. h3 Bg7
22. Bg5 Bf6 23. Bh6 Bg7 24. a3 Bxh6 25. Qxh6 Nf6 26. b4 Rc8 27. Qe3 Kg7 28. Rb1
Be8 29. a4 cxb4 30. Rxb4 Rc5 31. Qd2 Rc7 32. Qb2 h5 33. Rb6 Nd7 34. Rxb7 Nc5
35. Rb6 Bxa4 36. Qd2 Be8 37. Bf3 Qf6 38. Nd1 Rb7 39. Qb4 Rf7 40. Nf2 Bd7 41.
Qd2 Qd8 42. Qb4 Bc8 43. Kf1 Ra7 44. Rc6 Rb7 45. Qa3 Rb1+ 46. Ke2 Nb3 47. Rxd6
Nd4+ 48. Kd3 Qg5 49. Rc6 Rb3+ 50. Qxb3 Nxb3 51. Kc3 Qe3+ 52. Kb2 Nd4 0-1

[Event "BL 9091 Kirchheim-München 36"]
[Site "?"]
[Date "1991.??.??"]
[Round "?.5"]
[White "Enders, P."]
[Black "Vonthron, H."]
[Result "1/2-1/2"]
[WhiteElo "2495"]
[BlackElo "2390"]
[PlyCount "100"]
[EventDate "1991.??.??"]

1. e4 g6 2. d4 Bg7 3. f4 d5 4. e5 c5 5. Nf3 cxd4 6. Nxd4 Nh6 7. Bb5+ Bd7 8. Nc3
Bxb5 9. Ndxb5 a6 10. Nd4 Nc6 11. Be3 Nxd4 12. Bxd4 Nf5 13. Bf2 e6 14. Qd3 Rc8
15. O-O-O h5 16. Kb1 Qc7 17. Ne2 Qc4 18. Nd4 Nxd4 19. Bxd4 Qxd3 20. Rxd3 Kd7
21. Rhd1 Rc6 22. a4 Rhc8 23. Rb3 Rxc2 24. Rxb7+ R8c7 25. Rxc7+ Rxc7 26. b3 Bf8
27. Kb2 Bc5 28. Bc3 Ba3+ 29. Kxa3 Rxc3 30. Kb4 Rc6 31. Rd3 Kc7 32. Rh3 Kb7 33.
f5 exf5 34. Rd3 Rc2 35. Rxd5 Rxg2 36. Rd7+ Kc6 37. Rd6+ Kc7 38. Rxa6 Rxh2 39.
Rf6 h4 40. Rxf7+ Kc6 41. Rf6+ Kd5 42. e6 Re2 43. a5 h3 44. Rxg6 Rxe6 45. Rg5
Rh6 46. Rxf5+ Kc6 47. Rc5+ Kb7 48. Rc1 h2 49. Rh1 Ka6 50. Kc5 Rh5+ 1/2-1/2

[Event "BL 9091 Kirchheim-München 36"]
[Site "?"]
[Date "1991.??.??"]
[Round "?.6"]
[White "Mueller, O."]
[Black "Bastian, H."]
[Result "0-1"]
[WhiteElo "2350"]
[BlackElo "2335"]
[PlyCount "96"]
[EventDate "1991.??.??"]

1. e4 c5 2. Nf3 Nf6 3. Nc3 Nc6 4. d4 d5 5. exd5 Nxd5 6. dxc5 Nxc3 7. Qxd8+ Nxd8
8. bxc3 Bd7 9. Be3 Rc8 10. Ne5 Ba4 11. Rb1 e6 12. Rb4 Bxc2 13. Kd2 Bxc5 14.
Bxc5 Rxc5 15. Rb5 Rxe5 16. Rxe5 Bg6 17. Bd3 Ke7 18. Rb1 b6 19. Bxg6 hxg6 20. h3
Nc6 21. Re4 Rh5 22. Rc4 Kd6 23. Kc2 Rf5 24. Rd1+ Kc7 25. Rd2 g5 26. f3 b5 27.
Rg4 Ne5 28. Rgd4 Nc4 29. R2d3 Nb6 30. Rd8 a5 31. Rf8 a4 32. Rd4 Kc6 33. Kd3 Nd5
34. Kd2 Nb6 35. Ke2 Nd5 36. Kd2 Nb6 37. Ke2 Nd5 38. c4 Kc5 39. cxd5 Kxd4 40. d6
Rd5 41. Rxf7 Rxd6 42. Rxg7 Rd5 43. Rc7 Rc5 44. Rxc5 Kxc5 45. Kd3 e5 46. g3 b4
47. h4 g4 48. h5 b3 0-1

[Event "BL 9091 Kirchheim-München 36"]
[Site "?"]
[Date "1991.??.??"]
[Round "?.7"]
[White "Roese, O."]
[Black "Messmer, M."]
[Result "1/2-1/2"]
[WhiteElo "2385"]
[BlackElo "2365"]
[PlyCount "58"]
[EventDate "1991.??.??"]

1. e4 e6 2. d4 d5 3. Nc3 Bb4 4. e5 c5 5. Bd2 Nc6 6. Nb5 Bxd2+ 7. Qxd2 cxd4 8.
f4 Nh6 9. Nf3 Nf5 10. O-O-O O-O 11. Nbxd4 Nfxd4 12. Nxd4 Nxd4 13. Qxd4 Qa5 14.
Kb1 Bd7 15. h4 Rac8 16. h5 Bb5 17. f5 exf5 18. h6 gxh6 19. Qe3 f4 20. Qxf4 Rc6
21. Rxh6 Qa4 22. Qg5+ Rg6 23. Rxg6+ fxg6 24. b3 Qa6 25. Bxb5 Qxb5 26. e6 Qc6
27. e7 Re8 28. Rxd5 Rxe7 29. Rd8+ Re8 1/2-1/2

[Event "BL 9091 Kirchheim-München 36"]
[Site "?"]
[Date "1991.??.??"]
[Round "?.8"]
[White "Biebinger, G."]
[Black "Goetz, R."]
[Result "1/2-1/2"]
[WhiteElo "2330"]
[BlackElo "2350"]
[PlyCount "53"]
[EventDate "1991.??.??"]

1. c4 c5 2. Nc3 Nf6 3. Nf3 Nc6 4. e3 e6 5. d4 d5 6. cxd5 exd5 7. Be2 a6 8. O-O
Bd6 9. dxc5 Bxc5 10. b3 O-O 11. Bb2 Ba7 12. Rc1 Qd6 13. Rc2 Be6 14. Rd2 Rad8
15. Nxd5 Nxd5 16. e4 Qe7 17. exd5 Bxd5 18. Qc1 Bxf3 19. Bxf3 Rxd2 20. Qxd2 Rd8
21. Qc1 Nd4 22. Bxd4 Bxd4 23. Re1 Qf6 24. Qc7 b6 25. g3 Bc5 26. Kg2 g6 27. Qe5
1/2-1/2

[Event "BL 9091 Bayern-Kirchheim"]
[Site "?"]
[Date "1991.??.??"]
[Round "?.1"]
[White "Haba, P."]
[Black "Huebner, R."]
[Result "1/2-1/2"]
[WhiteElo "2465"]
[BlackElo "2620"]
[PlyCount "30"]
[EventDate "1991.??.??"]

1. d4 Nf6 2. c4 e6 3. g3 d5 4. Bg2 Bb4+ 5. Nd2 O-O 6. Ngf3 dxc4 7. Qc2 b5 8. a4
bxa4 9. O-O Bb7 10. Nxc4 c5 11. Bg5 Nc6 12. dxc5 Bxc5 13. Qxa4 Qe7 14. Rac1
Rac8 15. Be3 Bxe3 1/2-1/2

[Event "BL 9091 Bayern-Kirchheim"]
[Site "?"]
[Date "1991.??.??"]
[Round "?.2"]
[White "Ribli, Z."]
[Black "Gschnitzer, O."]
[Result "1/2-1/2"]
[WhiteElo "2595"]
[BlackElo "2460"]
[PlyCount "39"]
[EventDate "1991.??.??"]

1. d4 Nf6 2. Nf3 c5 3. d5 g6 4. c4 d6 5. Nc3 Bg7 6. e4 O-O 7. h3 e6 8. Bd3 exd5
9. cxd5 Re8 10. O-O c4 11. Bxc4 Nxe4 12. Nxe4 Rxe4 13. Bd3 Re8 14. Bg5 Qa5 15.
Re1 Bd7 16. Rxe8+ Bxe8 17. Qe1 Qxe1+ 18. Rxe1 Nd7 19. Bb5 Nf6 20. Bc4 1/2-1/2

[Event "BL 9091 Bayern-Kirchheim"]
[Site "?"]
[Date "1991.??.??"]
[Round "?.3"]
[White "Graf, J."]
[Black "Kindermann, S."]
[Result "1/2-1/2"]
[WhiteElo "2430"]
[BlackElo "2515"]
[PlyCount "42"]
[EventDate "1991.??.??"]

1. d4 Nf6 2. Nf3 g6 3. Bf4 Bg7 4. e3 d6 5. h3 O-O 6. Be2 c5 7. c3 b6 8. O-O Bb7
9. Nbd2 Nbd7 10. a4 a6 11. Bh2 Ra7 12. Bd3 Qa8 13. Qb1 cxd4 14. cxd4 e5 15.
dxe5 dxe5 16. e4 Nc5 17. Re1 Nfd7 18. Nc4 Qb8 19. Bc2 a5 20. Qa2 Na6 21. Rad1
Nb4 1/2-1/2

[Event "BL 9091 Bayern-Kirchheim"]
[Site "?"]
[Date "1991.??.??"]
[Round "?.4"]
[White "Bischoff, K."]
[Black "Vonthron, H."]
[Result "1/2-1/2"]
[WhiteElo "2495"]
[BlackElo "2390"]
[PlyCount "41"]
[EventDate "1991.??.??"]

1. d4 Nf6 2. c4 e6 3. Nc3 Bb4 4. e3 O-O 5. Bd3 Bxc3+ 6. bxc3 d6 7. Ne2 c5 8.
O-O Nc6 9. e4 Ne8 10. f4 f5 11. Be3 b6 12. d5 Na5 13. exf5 exf5 14. Nc1 Ba6 15.
Qe2 Qf6 16. Bd2 Nc7 17. Re1 Rae8 18. Qf1 Rxe1 19. Bxe1 Re8 20. Nb3 g6 21. Bd2
1/2-1/2

[Event "BL 9091 Bayern-Kirchheim"]
[Site "?"]
[Date "1991.??.??"]
[Round "?.5"]
[White "Mueller, O."]
[Black "Hertneck, G."]
[Result "1/2-1/2"]
[WhiteElo "2350"]
[BlackElo "2535"]
[PlyCount "122"]
[EventDate "1991.??.??"]

1. e4 e6 2. d4 d5 3. Nd2 c5 4. exd5 Qxd5 5. Ngf3 cxd4 6. Bc4 Qd6 7. O-O Nf6 8.
Nb3 Nc6 9. Nbxd4 Nxd4 10. Nxd4 a6 11. Re1 Qc7 12. Bb3 Bd6 13. Nf5 Bxh2+ 14. Kh1
Kf8 15. Qd4 h6 16. Bd2 exf5 17. Bb4+ Kg8 18. Re7 Qf4 19. Bc3 Be6 20. Bxe6 Qxd4
21. Bxd4 fxe6 22. Kxh2 e5 23. Bxe5 Ng4+ 24. Kg3 Nxe5 25. Rxe5 Rf8 26. Rd1 Rf7
27. Rdd5 g6 28. Re6 Kh7 29. Rdd6 Rg7 30. c4 Rc8 31. b3 b5 32. Rc6 Rxc6 33. Rxc6
bxc4 34. bxc4 Rd7 35. Rxa6 Rd3+ 36. f3 g5 37. c5 Rc3 38. c6 Kg7 39. a4 Kf6 40.
c7+ Ke5 41. Ra5+ Ke6 42. Ra6+ Ke5 43. Rxh6 Rxc7 44. Rb6 Rc2 45. Rb5+ Kf6 46. a5
Ra2 47. Kh3 Ra3 48. Kh2 Kg6 49. Rb6+ Kh5 50. Rb5 Kg6 51. Kg1 Ra2 52. Rc5 f4 53.
Rb5 Kh6 54. Rb6+ Kh5 55. a6 g4 56. fxg4+ Kxg4 57. Rg6+ Kf5 58. Rb6 Ke4 59. Re6+
Kf5 60. Rc6 Ke4 61. Rb6 f3 1/2-1/2

[Event "BL 9091 Bayern-Kirchheim"]
[Site "?"]
[Date "1991.??.??"]
[Round "?.6"]
[White "Hickl, J."]
[Black "Messmer, M."]
[Result "1-0"]
[WhiteElo "2480"]
[BlackElo "2365"]
[PlyCount "68"]
[EventDate "1991.??.??"]

1. g3 Nf6 2. Bg2 d5 3. Nf3 c6 4. b3 Bg4 5. Bb2 Nbd7 6. d3 e6 7. Nbd2 Be7 8. h3
Bxf3 9. Nxf3 Qa5+ 10. c3 Ba3 11. b4 Qa6 12. Qb3 Bxb2 13. Qxb2 Qb6 14. O-O O-O
15. Rfb1 Rfc8 16. c4 a5 17. a3 c5 18. cxd5 Nxd5 19. bxc5 Rxc5 20. Qxb6 N5xb6
21. Nd4 Rb8 22. Nb3 Rc2 23. Nxa5 Rxe2 24. Nxb7 Na4 25. Rb4 Ndb6 26. Bc6 g6 27.
Rab1 Ra8 28. Nd6 Ra5 29. Bxa4 Nxa4 30. Rb8+ Kg7 31. R1b7 Rd5 32. Rxf7+ Kh6 33.
Rh8 Kg5 34. Rhxh7 Rd4 1-0

[Event "BL 9091 Bayern-Kirchheim"]
[Site "?"]
[Date "1991.??.??"]
[Round "?.8"]
[White "Stangl, M."]
[Black "Schindler, W."]
[Result "1-0"]
[WhiteElo "2480"]
[BlackElo "2310"]
[PlyCount "153"]
[EventDate "1991.??.??"]

1. Nf3 Nf6 2. c4 g6 3. g3 Bg7 4. Bg2 O-O 5. O-O c6 6. d4 d5 7. Na3 Bf5 8. Bf4
dxc4 9. Nxc4 Nd5 10. Bg5 f6 11. Bd2 Be4 12. Qb3 b6 13. Rac1 Kh8 14. Rfd1 a5 15.
Ne1 a4 16. Qa3 Bxg2 17. Nxg2 b5 18. Nce3 e6 19. Rc2 Re8 20. Qd3 Qd7 21. Rdc1
Bf8 22. a3 Nxe3 23. Qxe3 Bg7 24. Ne1 e5 25. dxe5 Rxe5 26. Qf3 Rf5 27. Qg2 Rd5
28. Nd3 f5 29. Bf4 h6 30. h4 Kh7 31. Qf3 Qe8 32. Kg2 Rd4 33. Bxb8 Rxb8 34. Rxc6
Qe4 35. Rc7 Rc4 36. Qxe4 Rxe4 37. R1c2 Rbe8 38. Rb7 Rxe2 39. Rcc7 Rg8 40. Rxb5
g5 41. hxg5 hxg5 42. Rxf5 Kg6 43. Rcc5 Bf6 44. g4 Rge8 45. Rc6 R8e6 46. Rxe6
Rxe6 47. Ra5 Re4 48. Kf3 Rd4 49. Ne5+ Kg7 50. Ke3 Rd8 51. Rb5 Rc8 52. Ke4 Rc2
53. f3 Rf2 54. Kf5 Bxe5 55. Rxe5 Rxf3+ 56. Kxg5 Rb3 57. Re7+ Kf8 58. Ra7 Rxb2
59. Rxa4 Kf7 60. Ra7+ Kg8 61. Kh6 Rb6+ 62. Kh5 Rb5+ 63. g5 Rb6 64. a4 Rd6 65.
a5 Rc6 66. Re7 Kf8 67. Re5 Kf7 68. Rb5 Rc4 69. Rb7+ Ke6 70. a6 Ra4 71. a7 Kf5
72. Rf7+ Ke6 73. g6 Ra1 74. Kh6 Ra2 75. Kg7 Ra3 76. Kf8 Rh3 77. g7 1-0

[Event "BL 9091 München 36-Sindelfingen"]
[Site "?"]
[Date "1991.??.??"]
[Round "?.1"]
[White "Fahnenschmidt, G."]
[Black "Smejkal, J."]
[Result "0-1"]
[WhiteElo "2385"]
[BlackElo "2535"]
[PlyCount "84"]
[EventDate "1991.??.??"]

1. Nf3 d6 2. e4 g6 3. d4 Bg7 4. Be2 Nf6 5. Nc3 O-O 6. O-O Nbd7 7. e5 Ne8 8. Bf4
c6 9. Re1 dxe5 10. dxe5 Nc7 11. Bg3 Ne6 12. Bf1 a5 13. Qe2 Ndc5 14. Qe3 Qb6 15.
Ne4 Nd7 16. Qxb6 Nxb6 17. Rad1 a4 18. Nd4 Rd8 19. Nxe6 Bxe6 20. b3 Rxd1 21.
Rxd1 Bf5 22. Nc5 Bxc2 23. Rc1 axb3 24. axb3 Ra2 25. Nxb7 Bh6 26. f4 Nd5 27. Nc5
Nxf4 28. Re1 Nd5 29. Bf2 Bd2 30. Re2 Bb4 31. e6 f6 32. Bd4 Nc3 33. Re3 Nd5 34.
Rf3 Ra5 35. Nb7 Ra8 36. Bc4 Bf5 37. Nc5 Ra5 38. Nd3 Bd6 39. Rf1 Bxe6 40. Ra1
Rxa1+ 41. Bxa1 Kf7 42. Bd4 Nf4 0-1

[Event "BL 9091 München 36-Sindelfingen"]
[Site "?"]
[Date "1991.??.??"]
[Round "?.2"]
[White "Stohl, I."]
[Black "Rajkovic, D."]
[Result "1/2-1/2"]
[WhiteElo "2550"]
[BlackElo "2495"]
[PlyCount "49"]
[EventDate "1991.??.??"]

1. Nf3 Nf6 2. c4 c5 3. Nc3 b6 4. g3 Bb7 5. Bg2 e6 6. O-O a6 7. d4 cxd4 8. Qxd4
d6 9. Rd1 Nbd7 10. Ng5 Bxg2 11. Kxg2 Rc8 12. Nge4 Rc6 13. Bf4 Qa8 14. Kg1 Nxe4
15. Qxe4 Nf6 16. Qf3 Qc8 17. Rd3 Rxc4 18. Bxd6 Bxd6 19. Rxd6 b5 20. Rad1 O-O
21. a3 h6 22. Kg2 Ng4 23. Rb6 Ne5 24. Qb7 Rc6 25. Qxc8 1/2-1/2